Medzinárodné otázky

Bibliographic Details
Format: Journal
Language:Slovak
PhysicalDescription:zv.
Published: Bratislava Slovenské vydavateľstvo politickej literatúry [1957-1959]
Subjects:

MARC

LEADER 00000cas a2200000 a 4500
001 vtls001441796
003 SK-MaSNL
005 20260228160656.0
008 021003d19571959xo r p 0 0b0slo
035 |a SNK000396996 
040 |a SNK  |b slo  |c SNK  |e AACR2 
041 0 |a slo 
044 |a xo  |c SK 
072 7 |a 327  |x Medzinárodné vzťahy, svetová politika  |2 konspekt 
072 7 |a 341  |x Medzinárodné právo  |2 konspekt 
080 |a 327  |2 2011 
080 |a 050  |2 2011 
080 |a 341.221.4  |2 2011 
245 0 0 |a Medzinárodné otázky 
260 |a Bratislava  |b Slovenské vydavateľstvo politickej literatúry  |c [1957-1959] 
300 |a zv. 
310 |a Periodicita nie je známa 
362 0 |a [1957-1959] 
650 0 7 |a medzinárodná politika  |2 SNKPH  |9 4293 
650 0 7 |a medzinárodné vzťahy  |2 SNKPH  |9 3690 
910 |a snk 
999 |c 3333  |d 5263 
952 |0 0  |1 0  |4 0  |7 0  |a SNK  |b SNK  |d 2002-10-03  |l 0  |o snkČSC 734/1957 D1  |p 17A0358533  |r 2005-01-02 00:00:00  |w 2026-02-21  |y PREZ 
952 |0 0  |1 0  |4 0  |7 0  |a SNK  |b SNK  |d 2002-10-03  |l 0  |o snkČSC 734/1957  |p 17A0358585  |r 2005-01-02 00:00:00  |w 2026-02-21  |y PREZ